|
|
|
|
| LEADER |
00000nab#a22000007a#4500 |
| 001 |
arbauad039127 |
| 003 |
AR-BaUAD |
| 005 |
20250711113044.0 |
| 008 |
990818|||||||||###||||||b###|0###a|spa|| |
| 040 |
|
|
|a AR-BaUAD
|c AR-BaUAD
|b spa
|
| 100 |
|
|
|a Nunziante, Marinetta
|
| 245 |
|
|
|a La migrazione degli alberi /
|c Marinetta Nunziante;
|
| 300 |
0 |
|
|b fot.
|
| 653 |
|
|
|a SUDAFRICA
|
| 653 |
|
|
|a CIUDAD DEL CABO
|
| 653 |
|
|
|a VIVIENDAS AGRUPADAS
|
| 653 |
|
|
|a ARBOLES
|
| 653 |
|
|
|a ESPECIES
|
| 773 |
0 |
|
|t VILLE GIARDINI
|g no. 293 [jun. 1994], p. 58-63
|
| 942 |
|
|
|c ARTI
|
| 952 |
|
|
|0 0
|1 0
|4 0
|7 0
|9 84046
|a AR-BAuAD
|b AR-BAuAD
|d 2025-07-11
|l 0
|p AAQA039127
|r 2025-07-11 11:30:44
|w 2025-07-11
|y ARTI
|
| 990 |
|
|
|a P199
|b TD
|
| 990 |
|
|
|a AQ199
|b TD
|
| 998 |
|
|
|a AAQ
|b BIBUN76
|
| 999 |
|
|
|c 63719
|d 63719
|